00898naa#a2200181#i#4500001001600000005001700016011001400033100004100047102000700088200024100095210012800336215001000464608004500474675007300519700005200592700005200644856002000696RU\\bibl\12025920260416225038.4##a1819-4036##a20210331b2021####ek#y0rusy0150####ca##aRU1#aВЛИЯНИЕ УРОВНЯ МИНЕРАЛЬНОГО ПИТАНИЯ НА ЭЛЕМЕНТЫ СТРУКТУРЫ УРОЖАЯ ЯРОВОЙ ПШЕНИЦЫ В ЛЕСОСТЕПНОЙ ЗОНЕ ЗАУРАЛЬЯeЖурнальная статья1#aКрасноярскcКрасноярский государственный аграрный университетd2021##a6 с.##aЖурнальная статья2local##aОбщие вопросы сельского хозяйства. 631#1aДеминаgОксана Николаевна#1aЕреминаgДиана Васильевна4#avestnik.kgau.ru